000 00398nam a22001577a 4500
999 _c1099
_d1099
008 200109b ||||| |||| 00| 0 eng d
082 0 0 _a623.8171
_bM1351
100 _9677
_aMacDonald, K.
245 1 0 _aPractical ship stability
_cby K MacDonald
250 _a2nd
260 _aGlasgow
_bBrown son & ferguson
_c1946
300 _a98P.
365 _d4.14
650 0 _aStability of ships
942 _cBK